| 000 | 01107cam a22002771i 4500 | ||
|---|---|---|---|
| 003 | OSt | ||
| 005 | 20260306134917.0 | ||
| 008 | 260301s2020 ua g 000 0 ara c | ||
| 020 | _a9789777813723 | ||
| 040 |
_aSA-JeALM _bara _cSA-RiAUC _erda |
||
| 082 | 0 | 4 |
_a214.15463 _qSA-RiAUC |
| 090 |
_a214.15463 _bس ن د |
||
| 100 | 1 |
_aسندي، عبدالعزيز بن محمد _eمؤلف. |
|
| 245 | 1 | 2 |
_aخلاصة الأحكام في الرؤى والأحلام : _cعبدالعزيز محمد سندي . |
| 250 | _aالطبعة الاولى. | ||
| 264 | 1 |
_aمكة المكرمة : _bعبدالعزيز محمد سندي.، _c2003 |
|
| 300 |
_a79 صفحة _c24 سم. |
||
| 336 |
_aنص _btxt _2rdacontent _3كتاب |
||
| 337 |
_aبدون وسيط _bn _2rdamedia |
||
| 500 | _aختم اهداء من محمد السنوسي الى الشيخ رحمه الله | ||
| 650 | 7 |
_aالإسلام وتفسير الأحلام _2aucsh |
|
| 650 | 7 |
_aالإسلام والأحلام _2aucsh |
|
| 650 | 7 |
_aالإسلام والرؤيا _2aucsh |
|
| 942 |
_2ddc _cBOOK _n0 |
||
| 949 |
_aSA-JeALM _d260301 _uosman123 _n1 |
||
| 999 |
_c14502 _d14502 |
||